Wszystkie bazy LPR w Polsce - Statystyki

Ogólne statystyki
  • Ten quiz został rozwiązany 6 razy
  • Średni wynik to 16 z 22
Statystyki odpowiedzi
Miasta w których jest baza HEMS Ratownik % Poprawnych
Kraków Ratownik 6
100%
Szczecin Ratownik 11
100%
Warszawa Ratownik 12
100%
Białystok Ratownik 1
83%
Bydgoszcz Ratownik 2
83%
Gdańsk Ratownik 3
83%
Gorzów Wielkopolski Ratownik 24
83%
Katowice Ratownik 4
83%
Kielce Ratownik 5
83%
Łódź Ratownik 16
83%
Lublin Ratownik 7
83%
Olsztyn Ratownik 8
83%
Opole Ratownik 23
83%
Poznań Ratownik 9
83%
Wrocław Ratownik 13
83%
Zielona Góra Ratownik 15
83%
Płock Ratownik 18
50%
Koszalin Ratownik 22
33%
Ostrów Wielkopolski Ratownik 21
33%
Sanok Ratownik 10
33%
Suwałki Ratownik 17
33%
Sokołów Podlaski Ratownik 19
0%
Nie znaleziono quizów pasujących do podanych kryteriów
Rozkład punktacji
Procent ludzi z każdym wynikiem
Percentyl według liczby udzielonych odpowiedzi
Twoja historia wyników
Nie rozwiązałeś tego quizu